Представление документа в формате RUSMARC

ПолеНазваниеЗначение
  Тип записи a
  Библиографический уровень a
001 Контрольный номер RU/CBS_UL/BASE/961ec023fd674064a51c3a5619b14248
005 Дата корректировки 20251217141308.6
100 Данные общей обработки __
a Данные общей обработки 20251217 ||| 0rusy0189 ca
101 Язык документа 0_
a Язык текста rus
102 Страна публикации __
a Страна публикации RU
200 Заглавие и сведения об ответственности 1_
a Заглавие Белоснежка в кашпо
e Сведения, относящиеся к заглавию [выращивание ампельных гортензий]
f Первые сведения об ответственности Т. Мурашко
300 Общие примечания __
a Общие примечания 12+
461 Уровень набора _0
1 2000
a Дачный клуб
463 Уровень физической единицы _0
1 2000
a № 10
v С. 46-47 : фото
1 2101
d 2025
1 001RU/CBS_UL/BASE/1fc3bfb1739947728433521a1e6ee7c7
606 Тематические рубрики 0_
a Основная рубрика Гортензии - Выращивание
610 Ключевые слова 0_
a Ключевые слова цветы
610 Ключевые слова 0_
a Ключевые слова гортензии
610 Ключевые слова 0_
a Ключевые слова ампельные гортензии
610 Ключевые слова 0_
a Ключевые слова гортензии ампельные
610 Ключевые слова 0_
a Ключевые слова выращивание гортензий
686 Индексы других классификаций __
2 Код системы rubbk
a Классификационный индекс 42.374
700 Автор _1
a Фамилия Мурашко
b Имя (инициалы) Т.
801 Источник записи _0
a Страна RU
b Организация МБУК ЦБС г. Ульяновска
c Дата составления 20251217
g Правила каталогизации RCR
801 Источник записи _1
a Страна RU
b Организация МБУК ЦБС г. Ульяновска
c Дата составления 20251217
g Правила каталогизации RCR
901 Тип документа __
t Тип документа b
w Контрольный № источника RU/CBS_UL/BASE/1fc3bfb1739947728433521a1e6ee7c7
909 Создатель записи __
a Создатель записи lib2